ARRUPE JESUIT UNIVERSITY

CORONAVIRUS -STOP THE SPREAD - CLEAN,DISINFECT,COVER

Letting go in love (Record no. 119795)

MARC details
000 -LEADER
fixed length control field 00442nam a22001457a 4500
008 - FIXED-LENGTH DATA ELEMENTS--GENERAL INFORMATION
fixed length control field 140130b xxu||||| |||| 00| 0 eng d
020 ## - INTERNATIONAL STANDARD BOOK NUMBER
International Standard Book Number 0-232-51704-5
050 ## - LIBRARY OF CONGRESS CALL NUMBER
Classification number BV210.2.D151
100 ## - MAIN ENTRY--PERSONAL NAME
Personal name Dalrymple, John
9 (RLIN) 7415
245 ## - TITLE STATEMENT
Title Letting go in love
Remainder of title reflections on spiritual formation
Statement of responsibility, etc John Dalrymple
260 ## - PUBLICATION, DISTRIBUTION, ETC. (IMPRINT)
Place of publication, distribution, etc London
Name of publisher, distributor, etc Darton, Longman and Todd
Date of publication, distribution, etc 1986
300 ## - PHYSICAL DESCRIPTION
Extent xxviii, 144p. ;
Dimensions 20cm.
650 ## - SUBJECT ADDED ENTRY--TOPICAL TERM
Source of heading or term Prayer
942 ## - ADDED ENTRY ELEMENTS (KOHA)
Source of classification or shelving scheme Library of Congress Classification
Item type Monograph ( Printed materials)
Holdings
Withdrawn status Lost status Source of classification or shelving scheme Damaged status Not for loan Home library Current library Date acquired Total Checkouts Full call number Barcode Date last seen Price effective from Koha item type
    Library of Congress Classification     ARRUPE LIBRARY ARRUPE LIBRARY 30/01/2014   BV210.2.D151 46412089 24/01/2017 30/01/2014 Monograph ( Printed materials)

 

Arrupe Library. PO Box MP320 Mt Pleasant, Harare, Zimbabwe
263 242 745411|librarian@aju.ac.zw